00287nam a2200121Ia 45000030006000000080041000060400015000471000010000622450044000722600020001165460012001360050017001480STCL150530s9999 xx 000 0 und d aSTCLcSTCL aHardy aLife and death of Mayorof Caster Bridge bMacmillanc1958 aEnglish20220125171049.0